[Event "Titled Tuesday intern op 13th Feb Early"]
[Site "Chess.com INT"]
[Date "2024.02.13"]
[Round "2"]
[White "Bettalli, Francesco"]
[Black "Ramirez Gonzalez, Mauricio"]
[Result "1-0"]
[WhiteElo "2300"]
[BlackElo "2104"]
[PlyCount "69"]
[EventDate "2024.02.13"]
[EventType "swiss (blitz)"]
[EventRounds "11"]
[EventCountry "USA"]
[SourceTitle "CB08_2024"]
[SourceDate "2024.02.21"]
[SourceVersion "1"]
[SourceVersionDate "2024.02.21"]
[SourceQuality "1"]

1. e4 e6 2. d4 d5 3. Bd3 dxe4 4. Bxe4 Nf6 5. Bf3 Nbd7 6. Ne2 e5 7. Nbc3 Bd6 8. 0-0 0-0 9. Bg5 c6 10. Qd3 Qc7 11. h3 Re8 12. Rad1 h6 13. Bxf6 Nxf6 14. dxe5 Bxe5 15. Rfe1 Be6 16. Nd4 Rad8 17. Nxe6 Rxd3 18. Nxc7 Rxd1 19. Nxd1 Bxc7 20. Ne3 Bb6 21. Kf1 Kf8 22. Nc4 Bc7 23. Rd1 Ke7 24. Re1+ Kf8 25. Rd1 Re6 26. b4 g5 27. g3 Ke7 28. a4 h5 29. a5 g4 30. hxg4 hxg4 31. Bg2 a6 32. Ne3 Bxg3 33. Nf5+ Ke8 34. Ng7+ Ke7 35. Nxe6 1-0

[Event "Titled Tuesday intern op 13th Feb Early"]
[Site "Chess.com INT"]
[Date "2024.02.13"]
[Round "7"]
[White "Omariev, Maksim"]
[Black "Ramirez Gonzalez, Mauricio"]
[Result "1-0"]
[WhiteElo "2304"]
[BlackElo "2104"]
[PlyCount "89"]
[EventDate "2024.02.13"]
[EventType "swiss (blitz)"]
[EventRounds "11"]
[EventCountry "USA"]
[SourceTitle "CB08_2024"]
[SourceDate "2024.02.21"]
[SourceVersion "1"]
[SourceVersionDate "2024.02.21"]
[SourceQuality "1"]

1. e4 e6 2. d4 d5 3. Nc3 Bb4 4. exd5 exd5 5. Bd3 Ne7 6. Qf3 Nd7 7. Nge2 c6 8. 0-0 Ng6 9. Ng3 0-0 10. Nf5 Re8 11. Bd2 Nf6 12. Rae1 Rxe1 13. Rxe1 Bxf5 14. Qxf5 Qd7 15. Qf3 Re8 16. g3 Rxe1+ 17. Bxe1 Ba5 18. h4 Nf8 19. Bd2 Ne6 20. Be3 Bb6 21. Ne2 Qe7 22. c3 a6 23. Nf4 Nxf4 24. Bxf4 Ne4 25. Be5 f6 26. Bf4 Qe6 27. Qh5 Bd8 28. Qe2 g5 29. hxg5 fxg5 30. Be5 Qf5 31. f3 Bb6 32. Kg2 g4 33. fxe4 Qh5 34. exd5 cxd5 35. Bf4 Qf7 36. Qe5 Bd8 37. Bf5 Kf8 38. Be6 Qe7 39. Qf5+ Ke8 40. Be5 h5 41. Bxd5 Bc7 42. Qg6+ Kd8 43. Bf6 Bd6 44. Bxe7+ Bxe7 45. Qxh5 1-0

[Event "Titled Tuesday intern op 13th Feb Early"]
[Site "Chess.com INT"]
[Date "2024.02.13"]
[Round "1"]
[White "Ramirez Gonzalez, Mauricio"]
[Black "Sidletskyi, Ivan"]
[Result "1-0"]
[WhiteElo "2104"]
[BlackElo "2336"]
[PlyCount "67"]
[EventDate "2024.02.13"]
[EventType "swiss (blitz)"]
[EventRounds "11"]
[EventCountry "USA"]
[SourceTitle "CB08_2024"]
[SourceDate "2024.02.21"]
[SourceVersion "1"]
[SourceVersionDate "2024.02.21"]
[SourceQuality "1"]

1. d4 Nf6 2. e3 d5 3. f4 b6 4. Nf3 Bb7 5. Bd3 Nbd7 6. c3 Ne4 7. 0-0 Ndf6 8. Ne5 e6 9. Bb5+ Ke7 10. b3 Nd6 11. Bd3 Nfe4 12. Bb2 f6 13. Nf3 c5 14. Nbd2 g6 15. Rc1 Bg7 16. Qe2 Re8 17. Rfd1 Kf8 18. c4 cxd4 19. Nxd4 f5 20. cxd5 exd5 21. Nxe4 Nxe4 22. Bxe4 Rxe4 23. Qd2 Qe7 24. Rc3 Bxd4 25. exd4 Re2 26. Ba3 Rxd2 27. Bxe7+ Kxe7 28. Rxd2 Ba6 29. Rc7+ Kd6 30. Rxh7 Re8 31. Rg7 Re1+ 32. Kf2 Rf1+ 33. Kg3 Re1 34. Rxg6+ 1-0

[Event "Titled Tuesday intern op 13th Feb Early"]
[Site "Chess.com INT"]
[Date "2024.02.13"]
[Round "4"]
[White "Rodriguez Fontecha, Marcos"]
[Black "Ramirez Gonzalez, Mauricio"]
[Result "0-1"]
[WhiteElo "2289"]
[BlackElo "2104"]
[PlyCount "58"]
[EventDate "2024.02.13"]
[EventType "swiss (blitz)"]
[EventRounds "11"]
[EventCountry "USA"]
[SourceTitle "CB08_2024"]
[SourceDate "2024.02.21"]
[SourceVersion "1"]
[SourceVersionDate "2024.02.21"]
[SourceQuality "1"]

1. d4 e6 2. Nf3 d5 3. Bf4 f5 4. e3 Nf6 5. c4 c6 6. Bd3 Bd6 7. Ne5 0-0 8. 0-0 Qe7 9. Qc2 Nbd7 10. a3 Ne4 11. f3 g5 12. fxe4 gxf4 13. exf5 fxe3 14. Ng4 Qh4 15. h3 Nf6 16. Qe2 exf5 17. Bxf5 Nxg4 18. Qxg4+ Qxg4 19. hxg4 Bg3 20. Nc3 Bf2+ 21. Kh2 Bxf5 22. gxf5 Rxf5 23. g4 Rg5 24. Nd1 Rf8 25. Nxf2 exf2 26. Rad1 Rxg4 27. Rd3 dxc4 28. Rd2 Rf6 29. Kh3 Rg7 0-1

[Event "Sunnyvale 1000-C 09"]
[Site "Sunnyvale"]
[Date "2023.09.17"]
[Round "3"]
[White "Suarez, Sebastian"]
[Black "Ramirez Gonzalez, Mauricio"]
[Result "1/2-1/2"]
[WhiteElo "1933"]
[BlackElo "2146"]
[PlyCount "20"]
[EventDate "2023.09.16"]
[EventType "schev"]
[EventRounds "5"]
[EventCountry "USA"]
[SourceTitle "EXT 2024"]
[Source "ChessBase"]
[SourceDate "2023.10.10"]
[SourceVersion "1"]
[SourceVersionDate "2023.10.10"]
[SourceQuality "1"]

1. e4 e6 2. d4 d5 3. Nc3 Nf6 4. e5 Nfd7 5. f4 c5 6. Nf3 Nc6 7. Be3 a6 8. Qd2 b5 9. dxc5 Bxc5 10. Bd3 Qb6 1/2-1/2

[Event "Nashville-ch"]
[Site "Nashville"]
[Date "2023.01.21"]
[Round "3"]
[White "Wan, Joseph C"]
[Black "Ramirez Gonzalez, Mauricio"]
[Result "1/2-1/2"]
[WhiteElo "2317"]
[BlackElo "2189"]
[PlyCount "45"]
[EventDate "2023.01.20"]
[EventType "tourn"]
[EventRounds "10"]
[EventCountry "USA"]
[EventCategory "2"]
[SourceTitle "CBM 212 Extra"]
[Source "ChessBase"]
[SourceDate "2023.03.31"]
[SourceVersion "1"]
[SourceVersionDate "2023.03.31"]
[SourceQuality "1"]

1. e4 e6 2. d4 d5 3. Nd2 Nf6 4. e5 Nfd7 5. Bd3 c5 6. c3 Nc6 7. Ngf3 Be7 8. 0-0 g5 9. dxc5 Nxc5 10. Bb5 Nd7 11. Re1 a6 12. Ba4 b5 13. Bc2 g4 14. Nd4 Ncxe5 15. f4 gxf3 16. N2xf3 Ng6 17. Kh1 Bb7 18. Bh6 Nc5 19. a4 Ne4 20. Qe2 Qb6 21. axb5 e5 22. Nxe5 Nxe5 23. Bg7 1/2-1/2

[Event "Nashville-ch"]
[Site "Nashville"]
[Date "2023.01.20"]
[Round "1"]
[White "Justice, David"]
[Black "Ramirez Gonzalez, Mauricio"]
[Result "0-1"]
[WhiteElo "2231"]
[BlackElo "2189"]
[PlyCount "78"]
[EventDate "2023.01.20"]
[EventType "tourn"]
[EventRounds "10"]
[EventCountry "USA"]
[EventCategory "2"]
[SourceTitle "CBM 212 Extra"]
[Source "ChessBase"]
[SourceDate "2023.03.31"]
[SourceVersion "1"]
[SourceVersionDate "2023.03.31"]
[SourceQuality "1"]

1. e4 e6 2. d4 d5 3. Nc3 Bb4 4. e5 c5 5. a3 Bxc3+ 6. bxc3 Ne7 7. Qg4 0-0 8. Bd3 f5 9. exf6 Rxf6 10. Qh5 g6 11. Qd1 c4 12. Be2 Nbc6 13. Nf3 Qa5 14. Bd2 Bd7 15. 0-0 Nf5 16. Re1 Raf8 17. Bf1 h6 18. Ne5 Nxe5 19. Rxe5 g5 20. Bxc4 Nh4 21. Bd3 Rxf2 22. Be1 Rxg2+ 23. Kh1 Rff2 24. Bxf2 Rxf2 25. Qg1 Qxc3 26. Rd1 Rf7 27. Rxg5+ hxg5 28. Qxg5+ Kf8 29. Qxh4 Qxa3 30. Rg1 Be8 31. Rg3 Qc1+ 32. Rg1 Qf4 33. Qh8+ Ke7 34. Bg6 Qf6 35. Qg8 Rf8 36. Qh7+ Bf7 37. Bh5 Qxd4 38. Rg7 Qe4+ 39. Qxe4 dxe4 0-1

[Event "Central America Carribean-ch U20"]
[Site "Pereira"]
[Date "2021.09.26"]
[Round "9"]
[White "Cardoso Cardoso, Jose Gabriel"]
[Black "Ramirez Gonzalez, Mauricio"]
[Result "1/2-1/2"]
[WhiteElo "2428"]
[BlackElo "2144"]
[PlyCount "55"]
[EventDate "2021.09.21"]
[EventType "swiss"]
[EventRounds "9"]
[EventCountry "COL"]
[SourceTitle "EXT 2023"]
[Source "ChessBase"]
[SourceDate "2022.10.05"]
[SourceVersion "1"]
[SourceVersionDate "2022.10.05"]
[SourceQuality "1"]

1. e4 e6 2. d4 d5 3. Nc3 Bb4 4. e5 c5 5. a3 Bxc3+ 6. bxc3 Ne7 7. Qg4 0-0 8. Bd3 f5 9. exf6 Rxf6 10. Bg5 Rf7 11. Qh5 g6 12. Qd1 c4 13. Be2 Qa5 14. Bd2 Nbc6 15. Nf3 Nf5 16. 0-0 Bd7 17. Ng5 Re7 18. f4 Rf8 19. Bg4 h6 20. Nf3 Kh7 21. Qe1 Qd8 22. a4 Ref7 23. Bc1 Bc8 24. Ba3 Rg8 25. Bh3 Rgg7 26. Kh1 Nd6 27. Nd2 Qc7 28. Qe3 1/2-1/2

[Event "Central America Carribean-ch U20"]
[Site "Pereira"]
[Date "2021.09.26"]
[Round "8"]
[White "Ramirez Gonzalez, Mauricio"]
[Black "Lopez Gonzalez, Carlos Andres"]
[Result "1-0"]
[WhiteElo "2144"]
[BlackElo "1985"]
[PlyCount "88"]
[EventDate "2021.09.21"]
[EventType "swiss"]
[EventRounds "9"]
[EventCountry "COL"]
[SourceTitle "EXT 2023"]
[Source "ChessBase"]
[SourceDate "2022.10.05"]
[SourceVersion "1"]
[SourceVersionDate "2022.10.05"]
[SourceQuality "1"]

1. d4 Nf6 2. c4 e6 3. Nc3 d5 4. cxd5 exd5 5. Bg5 Be7 6. e3 c6 7. Bd3 0-0 8. Qc2 h6 9. Bh4 Nh5 10. Bxe7 Qxe7 11. Nge2 Nf6 12. h3 Re8 13. 0-0-0 b5 14. g4 Na6 15. Rdg1 Nb4 16. Qd2 Nxd3+ 17. Qxd3 b4 18. Na4 Ne4 19. Rg2 a5 20. Ng3 c5 21. Nxc5 Nxc5 22. dxc5 Qxc5+ 23. Kb1 Ba6 24. Qd2 Rac8 25. Rgg1 b3 26. Rc1 Qb4 27. Rc3 Rxc3 28. Qxc3 bxa2+ 29. Kxa2 Qa4+ 30. Qa3 Qc2 31. Nf5 Rb8 32. Nd4 Bc4+ 33. Ka1 Qxf2 34. Qc3 a4 35. Rc1 Qf6 36. Nf5 Qxc3 37. Rxc3 Rb3 38. Rxb3 axb3 39. Kb1 f6 40. Kc1 Kf7 41. Kd2 g6 42. Nd4 Ke7 43. Kc3 Bf1 44. h4 Kd6 1-0

[Event "Central America Carribean-ch U20"]
[Site "Pereira"]
[Date "2021.09.25"]
[Round "7"]
[White "Vargas Viscaino, Jesus Daniel"]
[Black "Ramirez Gonzalez, Mauricio"]
[Result "0-1"]
[WhiteElo "1814"]
[BlackElo "2144"]
[PlyCount "106"]
[EventDate "2021.09.21"]
[EventType "swiss"]
[EventRounds "9"]
[EventCountry "COL"]
[SourceTitle "EXT 2023"]
[Source "ChessBase"]
[SourceDate "2022.10.05"]
[SourceVersion "1"]
[SourceVersionDate "2022.10.05"]
[SourceQuality "1"]

1. e4 e6 2. d4 d5 3. exd5 exd5 4. Nf3 Bd6 5. c4 Nf6 6. c5 Be7 7. Bd3 0-0 8. 0-0 b6 9. Be3 Bg4 10. Nbd2 Re8 11. Qc2 Bh5 12. b4 bxc5 13. dxc5 c6 14. Nd4 Bg6 15. Bxg6 hxg6 16. h3 Qc7 17. b5 cxb5 18. Nxb5 Qd7 19. Rab1 a6 20. Nd4 Rc8 21. Ne2 Nc6 22. Nf3 Na5 23. Ne5 Qc7 24. Qd2 Bxc5 25. Bf4 Qd8 26. Rbd1 Nc6 27. Nxc6 Rxc6 28. Be5 Re6 29. Bxf6 Qxf6 30. Qxd5 Rc8 31. Ng3 Qf4 32. Qf3 Qa4 33. Qb3 Qe8 34. Qf3 Qe7 35. Qd5 Re8 36. Rc1 Ba7 37. Rb1 Bb6 38. a4 Rd8 39. Qa2 Qg5 40. Rb3 Bd4 41. Rf3 Qd5 42. Qc2 Rf6 43. Rxf6 gxf6 44. Ne4 Kg7 45. Ng3 Rd6 46. Rc1 Rb6 47. Rb1 Qc5 48. Rc1 Bxf2+ 49. Kh2 Bxg3+ 50. Kxg3 Qe5+ 51. Kf3 Rb2 52. Qc4 Qf5+ 53. Qf4 Rf2+ 0-1

[Event "Soacha op-A"]
[Site "Soacha"]
[Date "2021.09.08"]
[Round "1"]
[White "Ramirez Gonzalez, Mauricio"]
[Black "Pereira Vera, Henry Alberto"]
[Result "1-0"]
[WhiteElo "2144"]
[BlackElo "1802"]
[PlyCount "79"]
[EventDate "2021.09.08"]
[EventType "swiss"]
[EventRounds "10"]
[EventCountry "COL"]
[SourceTitle "CBM 204 Extra"]
[Source "ChessBase"]
[SourceDate "2021.11.30"]
[SourceVersion "1"]
[SourceVersionDate "2021.11.30"]
[SourceQuality "1"]

1. e4 d5 2. exd5 Qxd5 3. Nc3 Qd6 4. Bc4 Nf6 5. h3 c6 6. Nf3 Nbd7 7. d4 Nb6 8. Bb3 e6 9. 0-0 Be7 10. Ne2 0-0 11. Bf4 Qd8 12. c3 Bd6 13. Bc2 Bxf4 14. Nxf4 Nbd5 15. Nd3 b6 16. Nfe5 Qc7 17. Qe2 c5 18. c4 Nb4 19. Nxb4 cxb4 20. Qd3 Rd8 21. Ng4 Nxg4 22. Qxh7+ Kf8 23. hxg4 Rxd4 24. Qh8+ Ke7 25. Qxg7 Qf4 26. Rad1 Rxd1 27. Rxd1 Qf6 28. Qxf6+ Kxf6 29. Be4 Rb8 30. Rd8 Ke7 31. Rh8 Kd7 32. f3 Kd6 33. b3 a6 34. Kf2 b5 35. cxb5 axb5 36. Ke3 Kd7 37. g5 Rb6 38. Rf8 Ra6 39. Rxf7+ Kd6 40. g6 1-0

[Event "Online Olym Div3 D"]
[Site "Chess.com INT"]
[Date "2020.08.07"]
[Round "2.3"]
[White "Abderrahim Taleb, Mohamed"]
[Black "Ramirez Gonzalez, Mauricio"]
[Result "1-0"]
[WhiteElo "1811"]
[BlackElo "2144"]
[PlyCount "109"]
[EventDate "2020.08.07"]
[EventType "team-tourn (rapid)"]
[EventRounds "9"]
[EventCountry "USA"]
[SourceTitle "CBM 198"]
[Source "ChessBase"]
[SourceDate "2020.10.31"]
[SourceVersion "1"]
[SourceVersionDate "2020.10.31"]
[SourceQuality "1"]
[WhiteTeam "Mauritania"]
[BlackTeam "Venezuela"]
[WhiteTeamCountry "MAU"]
[BlackTeamCountry "VEN"]

1. e4 e6 2. d4 d5 3. Nd2 Nf6 4. Bd3 c5 5. dxc5 Bxc5 6. Qe2 Nc6 7. Ngf3 Qc7 8. 0-0 Nb4 9. e5 Nd7 10. Re1 Nxd3 11. cxd3 0-0 12. Nb3 Be7 13. Bd2 Nb8 14. Rac1 Nc6 15. Nbd4 Bd7 16. a3 Qb6 17. Bc3 Rac8 18. Qe3 Qa6 19. Nxc6 Bxc6 20. d4 Qb6 21. h4 Ba4 22. h5 h6 23. Nh2 Rc4 24. Ng4 Bg5 25. f4 Be7 26. Qg3 Kh8 27. f5 exf5 28. Ne3 Rxd4 29. Bxd4 Qxd4 30. Rf1 Bg5 31. Rc3 f4 32. Qg4 Bc6 33. Kh1 Qxe5 34. Nc2 d4 35. Re1 Qf6 36. Rd3 Rd8 37. Red1 f3 38. gxf3 Rd5 39. Nb4 Rf5 40. Nxc6 bxc6 41. Qxd4 Qe6 42. Qe4 Qc8 43. Kg2 Bf6 44. Rh1 Re5 45. Qg4 Rg5 46. Kh3 Rxg4 47. fxg4 Qe6 48. Rf1 Kh7 49. Rdf3 Bxb2 50. Rxf7 Bf6 51. R1xf6 Qxf6 52. Rxf6 gxf6 53. Kg3 Kg8 54. Kf4 Kf8 55. Ke4 1-0

[Event "Medellin Raza op 8th"]
[Site "Medellin"]
[Date "2018.10.06"]
[Round "5"]
[White "Ramirez Gonzalez, Mauricio"]
[Black "Arenas Vanegas, David"]
[Result "0-1"]
[WhiteElo "2193"]
[BlackElo "2442"]
[PlyCount "38"]
[EventDate "2018.10.04"]
[EventType "swiss"]
[EventRounds "7"]
[EventCountry "COL"]
[SourceTitle "CBM 186 Extra"]
[Source "ChessBase"]
[SourceDate "2018.08.24"]
[SourceVersion "1"]
[SourceVersionDate "2018.08.24"]
[SourceQuality "1"]

1. e4 g6 2. Nc3 Bg7 3. g3 d6 4. Bg2 Nf6 5. d3 0-0 6. Nge2 c6 7. 0-0 e5 8. h3 d5 9. Kh2 Be6 10. f4 dxe4 11. fxe5 exd3 12. exf6 dxe2 13. Qxe2 Bxf6 14. Rxf6 Qxf6 15. Ne4 Qg7 16. Bd2 Nd7 17. Bc3 f6 18. Rf1 Qe7 19. Qf2 Bf5 0-1

[Event "Medellin Flores op 25th"]
[Site "Medellin"]
[Date "2018.08.05"]
[Round "5"]
[White "Ramirez Gonzalez, Mauricio"]
[Black "Rios Parra, Alejandro"]
[Result "1/2-1/2"]
[WhiteElo "2143"]
[BlackElo "2289"]
[PlyCount "75"]
[EventDate "2018.08.03"]
[EventType "swiss"]
[EventRounds "9"]
[EventCountry "COL"]
[SourceTitle "CBM 185 Extra"]
[Source "ChessBase"]
[SourceDate "2018.07.29"]
[SourceVersion "1"]
[SourceVersionDate "2018.07.29"]
[SourceQuality "1"]

1. e4 Nf6 2. e5 Nd5 3. d4 d6 4. Nf3 g6 5. Bc4 Nb6 6. Bb3 Bg7 7. 0-0 0-0 8. Re1 Nc6 9. exd6 Qxd6 10. c3 Bf5 11. Nbd2 e5 12. Nxe5 Nxe5 13. dxe5 Bxe5 14. Nf3 Qxd1 15. Bxd1 Bf6 16. Bb3 c5 17. Be3 Rac8 18. a4 Rfd8 19. Rad1 Rxd1 20. Rxd1 c4 21. a5 cxb3 22. axb6 axb6 23. Nd4 Bc2 24. Rc1 Bxd4 25. Bxd4 b5 26. Ra1 f5 27. f4 Kf7 28. Kf2 Ke6 29. Ke3 Kd5 30. Ra7 Kc6 31. Ra5 Re8+ 32. Kd2 Re4 33. g3 b4 34. Re5 bxc3+ 35. Kxc3 Rxe5 36. Bxe5 Kd5 37. Kd2 Ke4 38. Ke2 1/2-1/2

[Event "VEN-ch U20"]
[Site "Maracay"]
[Date "2018.05.31"]
[Round "4"]
[White "Blanco Da Silva, Cristofer R"]
[Black "Ramirez Gonzalez, Mauricio"]
[Result "1/2-1/2"]
[WhiteElo "2016"]
[BlackElo "2240"]
[PlyCount "99"]
[EventDate "2018.05.31"]
[EventType "swiss"]
[EventRounds "7"]
[EventCountry "VEN"]
[SourceTitle "EXT 2019"]
[Source "ChessBase"]
[SourceDate "2018.10.10"]
[SourceVersion "1"]
[SourceVersionDate "2018.10.10"]
[SourceQuality "1"]

1. e4 e6 2. d3 d5 3. Nd2 c5 4. Ngf3 Nc6 5. g3 g6 6. Bg2 Bg7 7. 0-0 Nge7 8. Re1 b6 9. e5 Qc7 10. Qe2 h6 11. h4 g5 12. hxg5 hxg5 13. Nxg5 Qxe5 14. Qxe5 Nxe5 15. Ngf3 Nxf3+ 16. Nxf3 Bb7 17. Rb1 Nc6 18. a3 Nd4 19. Nxd4 cxd4 20. Bf4 Rc8 21. Rbc1 Kd7 22. Be5 Bxe5 23. Rxe5 Kd6 24. Re2 Ba6 25. Rd2 Rc7 26. f4 Rg8 27. Kf2 f6 28. Bf3 e5 29. Rh1 Rcg7 30. Rh6 Rg6 31. Rxg6 Rxg6 32. Bg2 Bc8 33. Re2 Rg7 34. Bf3 Rh7 35. fxe5+ fxe5 36. g4 Ba6 37. Rd2 Bb7 38. Bg2 a5 39. Kg3 b5 40. Rf2 Ke7 41. Re2 Kf6 42. Bf3 Re7 43. Rh2 e4 44. Be2 e3 45. Kf4 Kg7 46. Bf3 Rf7+ 47. Kg3 Kg6 48. Re2 b4 49. axb4 axb4 50. b3 1/2-1/2

[Event "VEN-ch U20"]
[Site "Maracay"]
[Date "2018.05.31"]
[Round "2"]
[White "Camargo Picon, Josue Fernando"]
[Black "Ramirez Gonzalez, Mauricio"]
[Result "1/2-1/2"]
[WhiteElo "1898"]
[BlackElo "2240"]
[PlyCount "30"]
[EventDate "2018.05.31"]
[EventType "swiss"]
[EventRounds "7"]
[EventCountry "VEN"]
[SourceTitle "EXT 2019"]
[Source "ChessBase"]
[SourceDate "2018.10.10"]
[SourceVersion "1"]
[SourceVersionDate "2018.10.10"]
[SourceQuality "1"]

1. e4 e6 2. d4 d5 3. Nd2 Nf6 4. e5 Nfd7 5. Bd3 c5 6. c3 Nc6 7. Ne2 cxd4 8. cxd4 f6 9. exf6 Nxf6 10. Nf3 Bd6 11. 0-0 Qc7 12. Nc3 a6 13. Bg5 0-0 14. Bh4 g6 15. Bg5 Nh5 1/2-1/2

[Event "Centroamericano and Caribe U18"]
[Site "Merida"]
[Date "2018.05.02"]
[Round "8"]
[White "Guerrero Corniel, Christian"]
[Black "Ramirez Gonzalez, Mauricio"]
[Result "1/2-1/2"]
[WhiteElo "1957"]
[BlackElo "2227"]
[PlyCount "116"]
[EventDate "2018.04.28"]
[EventType "swiss"]
[EventRounds "9"]
[EventCountry "VEN"]
[SourceTitle "EXT 2021"]
[Source "ChessBase"]
[SourceDate "2020.10.23"]
[SourceVersion "1"]
[SourceVersionDate "2020.10.23"]
[SourceQuality "1"]

1. d4 e6 2. c4 d5 3. Nf3 c5 4. e3 Nf6 5. cxd5 exd5 6. dxc5 Bxc5 7. Nc3 0-0 8. Be2 Nc6 9. 0-0 a6 10. a3 Re8 11. b4 Bb6 12. Bb2 Bg4 13. h3 Bh5 14. Rc1 Qd6 15. b5 Bc7 16. g3 Na5 17. Nd4 Bg6 18. bxa6 Rxe3 19. Qe1 Rxe2 20. Qxe2 bxa6 21. Rfe1 Qd7 22. Qe7 Qxe7 23. Rxe7 Bd6 24. Re2 Rb8 25. Na4 Nc4 26. Nc6 Rb7 27. Bd4 Bxa3 28. Rce1 h5 29. Bxf6 gxf6 30. Nc3 Ne5 31. Nxe5 fxe5 32. Nxd5 Bb2 33. Nf6+ Kg7 34. Ne8+ Kf8 35. Nd6 Rb4 36. Nc4 Bc3 37. Nxe5 Bxe1 38. Nxg6+ fxg6 39. Rxe1 Ra4 40. Re6 Kf7 41. Rb6 Ra3 42. Kg2 a5 43. h4 a4 44. Ra6 Ra1 45. Kf3 a3 46. Kf4 Rf1 47. Kg5 Rxf2 48. Ra7+ Kf8 49. Kxg6 Rf3 50. Ra8+ Ke7 51. Kxh5 Rxg3 52. Kh6 Kf7 53. h5 Rh3 54. Rb8 Rh2 55. Rb7+ Kf6 56. Rb5 Rg2 57. Kh7 Rg7+ 58. Kh8 Ra7 1/2-1/2